| 000 | 00779nam a2200241 a 4500 | ||
|---|---|---|---|
| 001 | 13916 | ||
| 003 | BD-JhCC | ||
| 005 | 20240515093138.0 | ||
| 008 | 210831b2024 bg |||| ||a| 000 0 ben d | ||
| 020 | _a9789848801680 | ||
| 035 | _a(BD-JhCC)13916 | ||
| 040 |
_aBD-JhCC _dBD-JhCC |
||
| 041 | _aBengali | ||
| 082 |
_223 _a297.1 _bISL 2024 |
||
| 245 |
_aইসলামি শব্দকোষ / _c সম্পা: ড. মোঃ মাসুদ আলম, ইমদাদুল হক । |
||
| 260 |
_aঢাকা: _bঅবসর; _c২০২৪. |
||
| 300 |
_a216 p. : _c22 cm. |
||
| 650 |
_aArabic education _zArabic language |
||
| 700 | _aআলম,ড. মোঃ মাসুদ | ||
| 700 | _aহক,ইমদাদুল | ||
| 942 |
_2ddc _cBK _02 |
||
| 999 |
_c13916 _d13916 |
||